| 000 | 00802nam a2200265 a 4500 | ||
|---|---|---|---|
| 001 | BRCA_4878 | ||
| 005 | 20190320204837.0 | ||
| 008 | 140909c1800----sp-#######---#000-1#spa-# | ||
| 041 | _aspa | ||
| 044 | _asp | ||
| 050 | 4 |
_aPQ6324 _b.G5 _c1800 |
|
| 245 | 1 | 0 |
_aNovelas ejemplares _bLa gitanilla. Rinconete y Cortadillo. _cMiguel de Cervantes; prol. de Francisco A. de Icaza. |
| 250 | _a3a. ed. | ||
| 260 |
_aMadrid _bCia. Ibero-Americana de Publicaciones _c[18--?] |
||
| 300 |
_a205 p. _bil. _c18 cm. |
||
| 440 | 0 |
_aLas cien mejores obras de la literatura espaƱola _v14 _912354 |
|
| 500 | _aI15 | ||
| 650 | 1 | 4 |
_aLiteratura espaƱola _912355 |
| 740 | 0 | _aIcaza, Francisco A. de | |
| 740 | 0 | _aLa gitanilla | |
| 740 | 0 | _aRinconete y Cortadillo | |
| 740 | 0 | _aSerie | |
| 902 | _aGFM | ||
| 942 |
_2lcc _cB |
||
| 999 |
_c4572 _d4572 |
||